Correspondances du métro de Paris - Statistiques

Statistiques générales
  • Ce quiz a été pris 182 fois
  • Le résultat moyen est 60 sur 79
Statistiques - réponses
Ligne A Ligne B Exemple Station % Correct
1 11 Châtelet ; Hôtel de Ville
98%
4 7 Gare de l'Est ; Châtelet
98%
1 7 Palais Royal - Musée du Louvre ; Châtelet
97%
1 14 Châtelet ; Gare de Lyon
97%
1 4 Châtelet
96%
4 11 Châtelet
96%
4 14 Châtelet
96%
7 11 Châtelet
96%
7 14 Châtelet ; Maison Blanche
96%
11 14 Châtelet
96%
12 13 Saint-Lazare ; Montparnasse Bienvenüe
93%
1 2 Charles de Gaulle - Étoile ; Nation
91%
1 6 Charles de Gaulle - Étoile ; Nation
91%
2 6 Charles de Gaulle - Étoile ; Nation
91%
4 5 Gare du Nord ; Gare de l'Est
91%
4 6 Montparnasse - Bienvenüe ; Raspail ; Denfert - Rochereau
90%
9 14 Saint-Augustin / Saint-Lazare
90%
12 14 Saint-Lazare ; Madeleine
90%
13 14 Carrefour Pleyel / Saint-Denis - Pleyel ; Mairie de St-Ouen ; Porte de Clichy ; Saint-Lazare
90%
3 12 Saint-Lazare
89%
3 13 Saint-Lazare
89%
3 14 Saint-Lazare
89%
4 12 Marcadet - Poissonniers ; Montparnasse - Bienvenüe
89%
1 9 Franklin D. Roosevelt ; Nation
88%
5 7 Stalingrad ; Gare de l'Est ; Place d'Italie
88%
6 9 Trocadéro ; Nation
88%
4 13 Montparnasse - Bienvenüe
87%
5 8 République ; Bastille
87%
6 12 Pasteur ; Montparnasse - Bienvenüe
87%
6 13 Montparnasse - Bienvenüe
87%
8 9 Richelieu - Drouot ; Grands Boulevards ; Bonne Nouvelle ; Strasbourg - Saint-Denis ; République
86%
3 8 Opéra ; République
85%
2 9 Nation
84%
3 11 Arts et Métiers ; République
84%
3 9 Havre - Caumartin ; République
83%
1 8 Concorde ; Bastille ; Reuilly - Diderot
82%
3 5 République
82%
5 9 République ; Oberkampf
82%
5 11 République
82%
8 11 République
82%
9 11 République
82%
8 12 Concorde ; Madeleine
78%
1 5 Bastille
74%
1 12 Concorde
74%
2 5 Stalingrad ; Jaurès
74%
2 4 Barbès - Rochechouart
73%
5 6 Place d'Italie
73%
6 7 Place d'Italie
73%
6 14 Bercy
72%
2 7 Stalingrad
71%
3 7 Opéra
70%
7 8 Opéra
70%
2 3 Villiers ; Père Lachaise
69%
6 8 La Motte-Picquet - Grenelle ; Daumesnil
69%
8 14 Madeleine
67%
6 10 La Motte-Picquet - Grenelle
66%
8 10 La Motte-Picquet - Grenelle
66%
1 13 Champs-Élysées - Clemenceau
64%
5 10 Gare d'Austerlitz
64%
4 8 Strasbourg - Saint-Denis
63%
4 9 Strasbourg - Saint-Denis
63%
3 4 Réaumur - Sébastopol
61%
4 10 Odéon
61%
2 12 Pigalle
60%
2 11 Belleville
58%
2 13 Place de Clichy
58%
8 13 Invalides
58%
9 13 Miromesnil
57%
2 7bis Jaurès
56%
5 7bis Jaurès
56%
7 10 Jussieu
55%
10 13 Duroc
55%
3 3bis Gambetta
53%
9 10 Michel-Ange - Molitor ; Michel-Ange - Auteuil
53%
7 7bis Louis Blanc
52%
10 12 Sèvres - Babylone
52%
3bis 11 Porte des Lilas
50%
7 9 Chaussée d'Antin - La Fayette
44%
7bis 11 Place des Fêtes
44%
Aucun quiz correspondant
Distribution des résultats
% des personnes avec chaque résultat
Percentile par nombre de réponses
Votre historique - résultats
Vous n’avez pas pris ce quiz